| 000 | 00855cam a2200265 a 4500 | ||
|---|---|---|---|
| 001 | 000005480 | ||
| 005 | 20200929151705.0 | ||
| 008 | 950621s1997 sp a b 000 p spa | ||
| 020 | _a8437612926 | ||
| 040 |
_aDO-SdBNP _bspa _cBNPHU |
||
| 082 |
_a861.64 _bG491a, 1997 |
||
| 100 | 1 |
_aGimferrer, Pere, _d1945- _915551 |
|
| 245 | 1 | 0 |
_aArde el mar / _cPere Gimferrer ; edición de Jordi Gracia. |
| 250 | _a2a ed. | ||
| 260 |
_aMadrid : _bCátedra, _c1997. |
||
| 300 |
_a176 p. : _bil. ; _c18 cm. |
||
| 490 | 1 |
_aLetras hispánicas _v383 |
|
| 504 | _aIncluye referencias bibliográficas (p. 91-98). | ||
| 650 | 4 |
_aPoesía española _9631 |
|
| 650 | 4 |
_aLiteratura española _xHistoria y crítica _93904 |
|
| 700 | 1 |
_aGracia García, Jordi, _eed. _d1965- _915552 |
|
| 830 | 0 |
_aLetras hispánicas ; _v383 _94208 |
|
| 910 | _aCatalogación derivada | ||
| 910 | _aWM | ||
| 999 |
_c5279 _d5279 |
||